• 首页
  • 本馆介绍
  • 公告通知
  • 最新文献
  • 馆藏检索
  • 电子资源
  • 读者导购
  • 参考咨询
  • 我的图书馆
  • 登录
  • 详细信息显示
  • 放入我的书架
  • 预约/预借图书
  • 作者相关作品
  • 分类相关作品
  • 丛书相关作品
  • 出版社相关作品

书目信息

  • 表格格式
  • 工作单格式
  • 卡片格式
题名:
数学世界
    
 
作者: 阿列克山德洛夫 著 ;远山启 , 王玲 , 谢宝东 选编
分册:  
出版信息: 北京   春秋出版社  1989.10
页数: 115页
开本: 19cm
丛书名: 智能开发译丛
单 册:
中图分类: G4-51
科图分类:
主题词: 教育--普及读物
电子资源:
ISBN: 7-5069-0160-9
000 01043nam2 2200301 45
001 0190017701
005 20061101143330.46
010    @a7-5069-0160-9@dCNY1.90
100    @a19921223d1989 em y0chiy0121 ea
101 1  @achi@crus
102    @aCN@b110000
105    @ay z 000yy
200 10 @a数学世界@ASHU XUE SHI JIE@f(苏)阿列克山德洛夫著@F( SU ) A LIE KE SHAN DE LUO FU ZHU@g(日)远山启选编@g王 玲,谢宝东译
210    @a北京@c春秋出版社@d1989.10
215    @a115页@d19cm
225 2  @a智能开发译丛@f廖一帆主编
300    @a著者原题:А.Д.阿列克山德洛夫
330    @a本书是一本阐述数学理论的读物。内容有:数学的本质特性;数学的产生和发展;数学发展的规律性等。
410  0 @120010@a智能开发译丛
540 1  @a数学 世界@ASHU XUE SHI JIE
606    @a教育@x普及读物
690    @aG4-51@v3
701  1 @a阿列克山德洛夫@AA LIE KE SHAN DE LUO FU@bА.Д.@4著
702  0 @a远山启@AYUAN SHAN QI@4选编
702  0 @a王玲@AWANG LING@4译
702  0 @a谢宝东@AXIE BAO DONG@4译
801  0 @aCN@bTSSF@c20061101
905    @a10447@dG4-51@e25:1
    
    数学世界/(苏)阿列克山德洛夫著/(日)远山启选编/王 玲,谢宝东译.-北京:春秋出版社,1989.10
    115页;19cm.-(智能开发译丛/廖一帆主编)
    著者原题:А.Д.阿列克山德洛夫
    
    ISBN 7-5069-0160-9:CNY1.90
    本书是一本阐述数学理论的读物。内容有:数学的本质特性;数学的产生和发展;数学发展的规律性等。
●
相关链接 在E读中查询图书 在五车中查询图书 在当当中查询图书 在豆瓣中查询图书


正题名:数学世界     索取号:G4-51/25:1         预约/预借

序号 登录号 条形码 馆藏地/架位号 状态 备注
1 0227616   002055885   第一样本阅览室/ [索取号:G4-51/25:1] 在馆    
唐山师范学院图书馆 欢迎您!
大连网信软件有限公司© 版权所有